Finančné vzdelávanie ako cesta k finančnej gramotnosti (aj) v oblasti poisťovníctva

Poistenie ako súčasť finančných produktov. Súčasný stav finančného vzdelávania v Slovenskej republike. Vnímanie potreby finančného vzdelávania a preferencie jeho foriem v Slovenskej republike.

Saved in:
Bibliographic Details
Main Author: Pastoráková, Erika, 1972-
Format: Book Chapter
Language:Slovak
Subjects:
Tags: Add Tag
No Tags, Be the first to tag this record!

MARC

LEADER 00000naa a2200000 4500
001 0142882
005 20240502072548.9
041 0 |a slo 
044 |a SK 
245 1 0 |a Finančné vzdelávanie ako cesta k finančnej gramotnosti (aj) v oblasti poisťovníctva  |c Erika Pastoráková 
520 |a Poistenie ako súčasť finančných produktov. Súčasný stav finančného vzdelávania v Slovenskej republike. Vnímanie potreby finančného vzdelávania a preferencie jeho foriem v Slovenskej republike. 
610 2 0 |a Slovensko 
610 2 0 |a gramotnosť finančná 
610 2 0 |a poisťovníctvo 
610 2 0 |a výskum ekonomický 
610 2 0 |a vzdelávanie 
100 1 |a Pastoráková, Erika, 1972-